| 000 | 00587nam a2200181 a 4500 | ||
|---|---|---|---|
| 005 | 20210223121800.0 | ||
| 008 | 991125s1954 mx 000 0 spa u | ||
| 035 | _aUPN01000023665 | ||
| 049 | _aCG | ||
| 050 | 4 |
_aF2686 _bY6.3 |
|
| 100 | 1 | _aYnsfran, Pablo Max | |
| 245 | 1 | 3 |
_aLa expedición norteamerica contra el Paraguay, 1858-1859 : _bprimera parte los antecedentes / _cPablo Max Ynsfran. |
| 260 |
_aMéxico : _bGuarania, _c1954. |
||
| 300 | _a263 p. | ||
| 440 | 0 | _aBiblioteca de historia y arqueología americanas | |
| 611 | 2 | 4 |
_aEXPEDICION PARAGUAY (1858-1859) _9951 |
| 905 | _aLibro | ||
| 999 |
_c23665 _d23665 |
||